Teaching and learning English world wide. (Record no. 939844)

MARC details
000 -LEADER
fixed length control field 00683nam a2200253Ia 4500
003 - CONTROL NUMBER IDENTIFIER
control field OSt
005 - DATE AND TIME OF LATEST TRANSACTION
control field 20221005032520.0
008 - FIXED-LENGTH DATA ELEMENTS--GENERAL INFORMATION
fixed length control field 221004b |||||||| |||| 00| 0 eng d
037 ## - SOURCE OF ACQUISITION
Terms of availability Textual
040 ## - CATALOGING SOURCE
Original cataloging agency CRL
Transcribing agency CRL
Language of cataloging eng
041 ## - LANGUAGE CODE
Source of code eng
Language code of text/sound track or separate title eng
100 ## - MAIN ENTRY--PERSONAL NAME
Personal name Britton James Ed.
9 (RLIN) 585210
245 #0 - TITLE STATEMENT
Title Teaching and learning English world wide.
260 ## - PUBLICATION, DISTRIBUTION, ETC.
Place of publication, distribution, etc. Clevedon
Name of publisher, distributor, etc. Multilingual Matters
Date of publication, distribution, etc. 1990
300 ## - PHYSICAL DESCRIPTION
Extent 358p.
Dimensions cm.
650 ## - SUBJECT ADDED ENTRY--TOPICAL TERM
Topical term or geographic name entry element TEACHING
9 (RLIN) 34578
650 ## - SUBJECT ADDED ENTRY--TOPICAL TERM
Topical term or geographic name entry element EDUCATION
942 ## - ADDED ENTRY ELEMENTS (KOHA)
Classification part T:3(P111), N0
Koha item type Textual
Source of classification or shelving scheme
Holdings
Withdrawn status Lost status Damaged status Not for loan Home library Current library Date acquired Total Checkouts Full call number Barcode Date last seen Price effective from Koha item type
        Central Library Central Library 2022-10-05   T:3(P111) N0 CL1038349 2022-10-05 2022-10-05 Textual
Copyright @ Delhi University Library System